02775nam a2200337 a 4500001001000000003000400010005001700014008004100031040002500072082002700097100003700124245003100161250001200192260004200204300002100246490002200267505118500289520014501474590002701619650004801646650005401694651005401748830002801802910004101830942001401871952014001885952014002025952012502165952013002290999001702420000016877OSt20260527074041.0100312s1998 dr 000 0 spa d aDO-SdBNPbspacBNPHU a324.27293bB742p, 19981 a Bosch, Juan, d1909-200197655513aEl P. L. D. /cJuan Bosch. a3a. ed. aSanto Domingo :bAlfa y Omega,c1998. a391 p. ;c21 cm.1 aEstudios sociales1 aPalabras de informacin para el lector -- sobre las causas de los ataques a Santo Domingo en los siglos XVI y XVII (I) -- Sobre las causas de los ataques a Santo Domingo en los siglos XVI y XVII (II) -- Santo Domingo en el siglo XVIII -- La revolucin haitiana -- La ocupacin francesa (1801-1809) -- La España Boba y la Independencia Efmera 1809-1822 -- La ocupacin haitiana (1822-1844) -- Perfil político de Pedro Santana (I) -- Perfil político de Pedro Santana (II) -- La acumulación originaria en la República Dominicana (I) -- La acumulación originaria en la República Dominicana (II) -- La acumulación originaria en la República Dominicana (III) -- La acumulación originaria en la República Dominicana (IV) -- Sobre las relaciones de producción -- Sobre la división de clases en la República Dominicana -- sobre la formación de la burguesía -- Acerca del Estado (I) -- Acerca del Estado (II) -- La deuda externa (I) -- La deuda externa (II) -- Los métodos de trabajo -- Base teórica de los métodos de trabajo -- Planes y métodos -- Organización y disciplina (I) -- Organización y disciplina (II) -- Organización y disciplina (III). aEl contenido de esta obra "se ha formado con los folletos escritos para los círculos de estudio del Partido de la Liberación Dominicana" aInventariado, 2019/MFF 4aPartido de la Liberación Dominicana91909 0aPartidos políticoszRepública Dominicana9285 0aRepública DominicanaxPolítica y gobierno945 0aEstudios sociales97147 aValidado. Control de calidad MMOLINA 2ddccLBS1 001054708DSaGRbGRcHDd2010-03-12iLF1l0o324.27293 B742p, 1998p16877-30r2020-06-25te. 3w2020-06-25yLFDSZPréstamo en sala 001054708DSaGRbGRcHDd2010-03-12iLF1l0o324.27293 B742p, 1998p16877-40r2020-06-25te. 4w2020-06-25yLFDSZPréstamo en sala 0010718PDaPDbPDcHDd2010-03-12iLF1l0o324.27293 B742p, 1998p16877-10r2020-06-25w2020-06-25yLFPDZNo se presta 0010718PDaPDbPDcHDd2010-03-12iLF1l0o324.27293 B742p, 1998p16877-20r2020-06-25te.2w2020-06-25yLFPDZNo se presta c16409d16409